1994 1904 1478 1202 1369 1446 1982 1231 1903 1086 1404 1269 1966 1000 1527 1832 1698 1591 1145 1464 1185 1101 1538 1164 1416 1743 1064 1456 1691 1324 1044 1737 1891 1918 1120 1551 1293 1474 1986 1271 1889 1222 1025 1982 1134 1933 1462 1922 1998 1389 1221 1424 1593 1345 1536 1981 1630 1377 1882 1371 1665 1194 1974 1480 1955 1088 1809 1691 1411 1980 1652 1371 1164 1937 1107 1061 1611 1900 1371 1554 1249 1502 1155 1459 1228 1513 1400 1160 1633 1610 1404 1512 1926 1599 1793 1622 1796 1099 1317 BCNSPRNW ULIB Ver.6.0+V

เปลี่ยนเป็นภาษาไทย

Change to English
 แสดงรายละเอียดบรรณานุกรม
  กลับหน้าหลัก

Brief Record : Get Marc (ISO 2709) : E-mail record : QR code < ปิดหน้าต่าง
LEADER : 00000nam 2200000uu 4500
001    13399121524
003     ULIB
008    121122s2537||||th 000 0 tha d
099  4 ^aวพ.WY20^bส839ป
100 0  ^aสุภาวรรณ์ ศรีจันท์ทองศิริ
245 10 ^aปัญหาการบริหารงานของวิทยาลัยพยาบาลสังกัดสถาบันพัฒนากำลังคนด้านสาธารณสุข กระทรวงสาธารณสุขตามทรรศนะของผู้บริหาร
260    ^a^c2537
502    ^aวิทยานิพนธ์ (กศ.ม. (การบริหารการศึกษา))---มหาวิทยาลัยนเรศวร, 2537
650  4 ^aวิทยาลัยพยาบาล^xการบริหาร
650  4 ^aสถาบันอุดมศึกษา^xการบริหาร
945    ^p0^l0^i033134
995    เกษร
999    ^aใช้งานได้ทุกระบบ
รายการนี้ยังไม่มีแท็ก
คุณยังไม่ได้ล็อกอิน คุณสามารถมีกิจกรรมร่วมกับเว็บไซต์ได้ แต่ต้องล็อกอินก่อน ::
  ล็อกอิน

รายการสื่อสารสนเทศ

ลำดับที่ ประเภท เลขเรียก/บาร์โค้ด สถานที่ สถานะ
1. วิทยานิพนธ์
วิทยานิพนธ์
วพ.WY20 ส839ป  
  Barcode: 033134
ห้องสมุดวิทยาเขตสวรรค์ประชารักษ์
►วิจัย
บนชั้น

รายการใกล้เคียง
    ผู้แต่ง [สุภาวรรณ์ ศรีจันท์ทองศิริ]

BibComment


ยังไม่เคยถูกคอมเมนท์

คอมเมนท์ทรัพยากรรายการนี้
  คอมเมนท์: ปัญหาการบริหารงา..


 Copyright 2026. Bcnsprnw @Library